000 01318nam0a22002771 4500
001 rc\3916067
005 20130415110159.4
021 _aRU
_b[50-18358]
035 _a(NLR Aleph) 008022749
090 _a8771367
_c8771367
100 _a20130415d1950 |||y0rusy50 ca
101 0 _arus
102 _aRU
105 _aa z |||||
200 1 _aОпыт применения аппаратов конструкции Н.А. Беликова для малярных работ
_fМ-во строительства предприятий машиностроения СССР. Техн. упр. НИИ по строительству
210 _aМосква
_cИзд-во и тип. Машстройиздата в Л.
_d1950
215 _a8 с.
_cил.
_d22
300 _aНа 2-й с. обл. сост.: инж. К.С. Борисоглебская
606 _aКраскораспылители
_xЭксплуатация
_2psbo
700 1 _aБорисоглебская
_bК. С.
_4220
712 0 2 _aНаучно-исследовательский институт по строительству М-ва строительства предприятий машиностроения СССР
801 0 _aRU
_bNLR
_gpsbo
801 1 _aRU
_bELAR
_2rusmarc
852 _aNLR
_jТ80 Г-6/860
942 _cBOOK
980 _aNB